Power system analysis and design / (Record no. 598202)

000 -LEADER
fixed length control field 00322nam a2200121Ia 4500
008 - FIXED-LENGTH DATA ELEMENTS--GENERAL INFORMATION
fixed length control field 230907s9999||||xx |||||||||||||| ||und||
082 ## - DEWEY DECIMAL CLASSIFICATION NUMBER
Classification number 621.319
Author Mark GLO
100 ## - MAIN ENTRY--PERSONAL NAME
Personal name Glover, J. Duncan.
9 (RLIN) 112210
245 #0 - TITLE STATEMENT
Title Power system analysis and design /
260 ## - PUBLICATION, DISTRIBUTION, ETC.
Place of publication, distribution, etc. Cengage:
Name of publisher, distributor, etc. New Delhi;
Date of publication, distribution, etc. 2012
300 ## - PHYSICAL DESCRIPTION
Extent xx, 827p.:
942 ## - ADDED ENTRY ELEMENTS (KOHA)
Koha item type Book
Holdings
Withdrawn status Lost status Damaged status Not for loan Permanent Location Current Location Date acquired Total Checkouts Total Renewals Full call number Barcode Checked out Date last seen Date last checked out Price effective from Koha item type
        US-Pakistan Center for Advanced Studies in Energy (USPCAS-E) Central Library (CL) 06/19/2018 1 2 621.319 GLO CAS-E0002301 11/01/2025 10/05/2023 10/05/2023 09/12/2023 Book
© 2023 Central Library, National University of Sciences and Technology. All Rights Reserved.